000 01474aam a2200349 i 4500
999 _c46410
_d46410
001 768714001
003 CO-MdFUSB
005 20201104164554.0
007 ta
008 200521s1997 enka|||| |||| 00| 0 eng d
020 _a033402661X
040 _bspa.
_aCO-MdFUSB
_cCO-MdFUSB
_dCO-MdFUSBC
_erda
041 _aeng
082 _223
_a225.92
_bH511
100 1 _aHengel, Martin
_eautor
245 1 0 _aPaul between Damascus and Antioch :
_bthe unknown years
_c/ Martin Hengel , Anna María Schwermer ; traducido por John Bowden
264 1 _aLondres :
_bSCM Press,
_c[1997]
264 4 _c© 1997
300 _axiv, 530 páginas
_c; 22 cm
336 _atexto
_btxt
_2rdacontent
337 _2rdamedia
_asin mediación
_bn
338 _2rdacarrier
_avolumen
_bnc
505 _aPablo entre Damasco y Anitoquía: Los años desconocidos - Damasco y el punto de inflexión en la vida de Pablo - La nueva conciencia de Pablo de si mismo como apóstol y el fundamento de la teología histórica - Arabia y Aretas IV - El regreso a Damasco y el vuelo de la ciudad - la visita a Pedro en Jerusalaem - la nueva tierra de misión en el norte: Tarso y Cilios - Antioquía - Una comparación cronológica: Pablo y Lutero
563 _aRústico
600 0 _aPablo,
_cSanto
_xBiografía
653 _aPablo
700 _93863
_aSchwermer, Anna María.
_eautor
700 1 _9456
_aBowden, John
_d1935-2010
_etraductor
942 _cBK
945 _aJTF-925